The Vampire Diaries Characters - Statistics

General Stats
  • This quiz has been taken 4,205 times
  • The average score is 14 of 15
Answer Stats
Hint Answer % Correct
A bennett witch, Elenas best friend. Nickname: BonBon Bonnie
100%
Turned by Katherine. 1 of Elenas best friends and is a blonde vampire. Caroline
99%
Was in love with his brothers girl but gets the girl in the end Damon
99%
A Lovestruck Teenager, in a love triangle with two vampires Elena
99%
An Original who is obsessed with making Hybrids. Likes Caroline. Klaus
99%
The only person to stay human/ Elenas ex. Matt
99%
When humanity is off, he's known as 'THE RIPPER' Stefan
99%
Elenas little brother. Was with: Vicky, Anna and Bonnie. Jeremy
98%
Turned Stefan and Damon in 1864. Elenas doppelganger. Katherine
98%
Werewolf, dated Caroline in season 2 and 3 and was a Hybrid. Tyler
98%
History teacher. Best friends with Damon. Was in love Jenna in season 2. Alaric
97%
First appearence- 162 Candles. Stefans best friend. Killed by Damon. Lexi
93%
Died in season 2. Sister to Elenas adoptive mother. Jenna
92%
Only girl Original. Barbie Klaus. Blonde and got with almost every boy on the show. Rebekah
91%
Sheriff of Mystic Falls. Mother to Caroline. Part of the founders council. Liz
90%
No matching quizzes found
Score Distribution
Percent of People with Each Score
Percentile by Number Answered
Your Score History
You have not taken this quiz